[Event "Baku Open 2023"]
[Site "Baku AZE"]
[Date "2023.05.04"]
[Round "1.22"]
[White "Muradli, Mahammad"]
[Black "Eynullayev, Atilla"]
[Result "1/2-1/2"]
[WhiteTitle "GM"]
[BlackTitle "FM"]
[WhiteElo "2531"]
[BlackElo "2281"]
[WhiteFideId "13409301"]
[BlackFideId "13413570"]
[EventDate "2023.05.04"]

1. Nf3 Nf6 2. c4 e6 3. g3 d5 4. Bg2 Be7 5. d4 O-O 6. O-O dxc4 7. Qc2 a6 8. a4
Bd7 9. Qxc4 Bc6 10. Bg5 Bd5 11. Qc2 Be4 12. Qc1 h6 13. Bxf6 Bxf6 14. e3 Nd7 15.
Nc3 Bh7 16. Rd1 a5 17. Qd2 c6 18. Qe2 Qb6 19. Ne1 Rfd8 20. Nd3 Rac8 21. Be4 c5
22. Bxh7+ Kxh7 23. d5 Bxc3 24. dxe6 Qxe6 25. Nf4 Qe4 26. f3 Qc6 27. bxc3 Ne5 28.
e4 Rxd1+ 29. Qxd1 c4 30. Kg2 Nd3 31. Nd5 Qc5 32. Qg1 b5 33. Qxc5 Rxc5 34. axb5
Rxb5 35. f4 h5 36. Kf3 f6 37. Ke3 Rb2 38. Rxa5 Rxh2 39. Ra7 Kg8 40. Ne7+ Kf8 41.
Ng6+ Kg8 42. Ra8+ Kh7 43. Nf8+ Kg8 44. f5 g5 45. Ng6+ Kf7 46. Ra7+ Ke8 47. Kd4
Re2 48. Kxc4 Re3 49. Kd5 Rxg3 50. e5 fxe5 51. Re7+ Kd8 52. f6 Nf4+ 53. Nxf4 exf4
54. Re5 Re3 55. Rxg5 1/2-1/2

[Event "Baku Open 2023"]
[Site "Baku AZE"]
[Date "2023.05.04"]
[Round "1.23"]
[White "Aliyev, Ravan"]
[Black "Aditya, Mittal"]
[Result "0-1"]
[WhiteTitle "FM"]
[BlackTitle "GM"]
[WhiteElo "2280"]
[BlackElo "2505"]
[WhiteFideId "13409980"]
[BlackFideId "35042025"]
[EventDate "2023.05.04"]

1. d4 Nf6 2. c4 e6 3. Nf3 b6 4. a3 Bb7 5. Nc3 d5 6. cxd5 Nxd5 7. Qc2 Nxc3 8.
bxc3 Be7 9. e4 O-O 10. Bd3 c5 11. O-O Qc7 12. Qe2 Rd8 13. Bb2 Nd7 14. Rad1 Rac8
15. Rfe1 Nf6 16. Ne5 b5 17. Bb1 b4 18. axb4 cxd4 19. cxd4 Bxb4 20. Rf1 Qb6 21.
Bd3 Bc3 22. Bxc3 Rxc3 23. Nf3 a5 24. Qd2 Rxd3 25. Qxd3 Ba6 26. Qc2 Rc8 27. Rb1
Qa7 28. Qa4 Bxf1 29. Rxf1 Nxe4 30. Ra1 Qb6 31. h3 Qb2 32. Rf1 Nd2 33. Nxd2 Qxd2
34. Rd1 Qb4 35. Qxb4 axb4 36. d5 Kf8 37. dxe6 fxe6 38. Rd6 Rb8 39. Rxe6 b3 40.
Re1 Kf7 41. Kf1 Kf6 42. Rb1 Ke5 43. Ke2 Kd4 44. Kd2 Rb7 45. h4 g6 46. h5 g5 47.
h6 Rb6 48. Ra1 Rb4 49. Rb1 g4 50. Rb2 Rb6 51. Kc1 Rc6+ 52. Kb1 Kc3 53. Re2 Rxh6
54. Re3+ Kd2 55. Re4 Rh1+ 56. Kb2 h5 57. f3 g3 58. Kxb3 Rh2 59. Ra4 Ke3 0-1

[Event "Baku Open 2023"]
[Site "Baku AZE"]
[Date "2023.05.04"]
[Round "1.24"]
[White "Bharath, Subramaniyam H"]
[Black "Chizhikov, Vladislav"]
[Result "1-0"]
[WhiteTitle "GM"]
[BlackTitle "FM"]
[WhiteElo "2517"]
[BlackElo "2279"]
[WhiteFideId "46634827"]
[BlackFideId "4178157"]
[EventDate "2023.05.04"]

1. e4 c6 2. Nc3 d5 3. Nf3 dxe4 4. Nxe4 Nf6 5. Qe2 Nxe4 6. Qxe4 Qd5 7. Qh4 Qe6+
8. Be2 Qg4 9. Qg3 Qxg3 10. hxg3 Bg4 11. b3 Nd7 12. Bb2 Bxf3 13. Bxf3 e5 14.
O-O-O Bc5 15. d4 Bb6 16. dxe5 Bxf2 17. e6 fxe6 18. Bxg7 Ke7 19. Bxh8 Rxh8 20. g4
Be3+ 21. Kb2 Bf4 22. Rhe1 h6 23. Re4 Bg3 24. Rh1 Be5+ 25. Kb1 Bf6 26. b4 Bc3 27.
a3 Ne5 28. Ka2 Nf7 29. Kb3 Bg7 30. Rd1 Rf8 31. Re3 Rc8 32. g5 Nxg5 33. Bg4 Rf8
34. Red3 Rf2 35. Rd7+ Kf6 36. Bh5 Bf8 37. Rxb7 Ke5 38. Re1+ Kf4 39. Re2 Kg3 40.
Rxf2 Kxf2 41. Rxa7 e5 42. Ra8 Bd6 43. Rd8 Bc7 44. Rc8 Bb6 45. Rxc6 Ba7 46. b5 e4
47. b6 1-0

[Event "Baku Open 2023"]
[Site "Baku AZE"]
[Date "2023.05.04"]
[Round "1.25"]
[White "Bayramov, Zaur"]
[Black "Samant, Aditya S"]
[Result "0-1"]
[WhiteTitle "FM"]
[BlackTitle "IM"]
[WhiteElo "2310"]
[BlackElo "2496"]
[WhiteFideId "13405080"]
[BlackFideId "35080580"]
[EventDate "2023.05.04"]

1. d4 Nf6 2. c4 e6 3. Nc3 Bb4 4. e3 O-O 5. Bd3 d5 6. Ne2 c5 7. a3 Bxc3+ 8. bxc3
dxc4 9. Bxc4 Qc7 10. Ba2 b6 11. O-O Ba6 12. Re1 Nc6 13. Ng3 Rad8 14. Nh5 Nxh5
15. Qxh5 Na5 16. e4 cxd4 17. cxd4 Rxd4 18. Bb2 Rd2 19. Bc1 Rc2 20. Be3 Qc3 21.
Qd1 Bd3 22. Bb1 Be2 23. Bd4 Bxd1 24. Bxc3 Rxc3 25. Rxd1 Rfc8 26. Ra2 Rc1 27. Rd2
Kf8 28. g3 Rxd1+ 29. Rxd1 Ke7 0-1

[Event "Baku Open 2023"]
[Site "Baku AZE"]
[Date "2023.05.04"]
[Round "1.26"]
[White "Samunenkov, Ihor"]
[Black "Sharma, Isha"]
[Result "1-0"]
[WhiteTitle "IM"]
[BlackTitle "WIM"]
[WhiteElo "2501"]
[BlackElo "2216"]
[WhiteFideId "14187086"]
[BlackFideId "35006665"]
[EventDate "2023.05.04"]

1. d4 Nf6 2. Nf3 e6 3. c4 Bb4+ 4. Nbd2 b6 5. a3 Bxd2+ 6. Qxd2 Bb7 7. e3 d6 8. b3
Nbd7 9. Bb2 Qe7 10. Be2 O-O 11. O-O Ne4 12. Qc2 f5 13. Ne1 Qg5 14. Qc1 Qg6 15.
f3 Nef6 16. Nd3 c5 17. Qe1 Rae8 18. dxc5 dxc5 19. Ne5 Qg5 20. Qf2 Nxe5 21. Bxe5
Nd7 22. Bb2 e5 23. Rad1 Qe7 24. Rd2 f4 25. Rfd1 Bc8 26. Rd5 Rf7 27. exf4 exf4
28. Bd3 Qe6 29. Be4 Qh6 30. Rd6 Re6 31. Rxe6 Qxe6 32. Bd5 1-0

[Event "Baku Open 2023"]
[Site "Baku AZE"]
[Date "2023.05.04"]
[Round "1.27"]
[White "Aslanov, Umid"]
[Black "Gadimbayli, Abdulla"]
[Result "1/2-1/2"]
[WhiteTitle "CM"]
[BlackTitle "GM"]
[WhiteElo "2273"]
[BlackElo "2500"]
[WhiteFideId "13412620"]
[BlackFideId "13404938"]
[EventDate "2023.05.04"]

1. e4 e5 2. Nf3 Nf6 3. Nxe5 d6 4. Nf3 Nxe4 5. d4 d5 6. Bd3 Bd6 7. O-O O-O 8. c4
c6 9. Re1 Bf5 10. Nc3 Nxc3 11. bxc3 Bxd3 12. Qxd3 dxc4 13. Qxc4 Nd7 14. Qd3 h6
15. Bd2 b5 16. Qe4 Rc8 17. Nh4 Re8 18. Qg4 Nf6 19. Qf3 Rxe1+ 20. Rxe1 Nd5 21.
Nf5 Bf8 22. Re4 Kh8 23. h4 Qd7 24. g4 Kg8 25. g5 h5 26. Ng3 g6 27. Kg2 Bd6 28.
Qe2 Kf8 29. f4 Ne7 30. Qf3 Nf5 31. Nxf5 Qxf5 32. Re2 a5 33. Qh3 Qd5+ 34. Qf3
Qxa2 35. f5 Qd5 36. fxg6 Qxf3+ 37. Kxf3 fxg6 38. Re6 Be7 39. Rxg6 a4 40. Rh6 Kf7
41. g6+ Kg8 42. Ke4 1/2-1/2

[Event "Baku Open 2023"]
[Site "Baku AZE"]
[Date "2023.05.04"]
[Round "1.28"]
[White "Gokerkan, Cem Kaan"]
[Black "Suleymanli, Suleyman"]
[Result "1-0"]
[WhiteTitle "IM"]
[BlackTitle "FM"]
[WhiteElo "2489"]
[BlackElo "2258"]
[WhiteFideId "6336760"]
[BlackFideId "13416375"]
[EventDate "2023.05.04"]

1. e4 e6 2. d4 d5 3. Nc3 Nf6 4. Bg5 Be7 5. e5 Nfd7 6. Bxe7 Qxe7 7. f4 a6 8. Qg4
g6 9. Nf3 c5 10. dxc5 Nc6 11. Bd3 Nxc5 12. O-O Nb4 13. Rad1 Ncxd3 14. cxd3 Nc2
15. Kf2 d4 16. Ne4 Ne3 17. Qh3 Nxd1+ 18. Rxd1 h6 19. Rc1 Kf8 20. Nd6 Kg7 21. Qh4
Qxh4+ 22. Nxh4 Bd7 23. Rc7 Rhd8 24. Nf3 Be8 25. Nxd4 Kf8 26. Ke3 b6 27. Nb3 Rd7
28. Rc6 Rb8 29. Nd2 Ra7 30. Rc1 Bd7 31. N2e4 Ke7 32. g4 b5 33. Nf6 b4 34. h4 a5
35. h5 a4 36. d4 a3 37. b3 Rba8 38. d5 gxh5 39. gxh5 Ra6 40. Nde4 exd5 41. Nxd5+
Kf8 42. Nef6 Be6 43. Rg1 Bxd5 44. Rg8+ Ke7 45. Nxd5+ 1-0

[Event "Baku Open 2023"]
[Site "Baku AZE"]
[Date "2023.05.04"]
[Round "1.29"]
[White "Kurmangaliyeva, Liya"]
[Black "Abdisalimov, Abdimalik"]
[Result "1-0"]
[WhiteTitle "FM"]
[BlackTitle "IM"]
[WhiteElo "2288"]
[BlackElo "2494"]
[WhiteFideId "13725831"]
[BlackFideId "14206323"]
[EventDate "2023.05.04"]

1. e4 g6 2. d4 Bg7 3. Nc3 d6 4. f4 a6 5. Nf3 b5 6. Bd3 Bb7 7. a4 b4 8. Ne2 Nd7
9. O-O c5 10. c3 Nh6 11. h3 O-O 12. g4 f5 13. exf5 gxf5 14. g5 Nf7 15. Bxf5 Nxg5
16. Nxg5 Rxf5 17. Ng3 Rd5 18. Qg4 Rxg5 19. fxg5 cxd4 20. cxd4 Qb6 21. Nf5 Ne5
22. a5 Qa7 23. Qg3 e6 24. Nxg7 Qxd4+ 25. Be3 Qe4 26. Nh5 Kh8 27. Nf6 Qh1+ 28.
Kf2 Qc6 29. Rad1 Rc8 30. Rd2 Qc4 31. Kg1 Qc6 32. Kh2 Rc7 33. Qxe5 dxe5 34. Rd8+
Kg7 35. Nh5+ Kg6 36. Rf6+ 1-0

[Event "Baku Open 2023"]
[Site "Baku AZE"]
[Date "2023.05.04"]
[Round "1.30"]
[White "Sadikhov, Ulvi"]
[Black "Ayush, Sharma"]
[Result "1-0"]
[WhiteTitle "GM"]
[BlackTitle "FM"]
[WhiteElo "2489"]
[BlackElo "2267"]
[WhiteFideId "13401416"]
[BlackFideId "45010943"]
[EventDate "2023.05.04"]

1. Nf3 d5 2. g3 g6 3. Bg2 Bg7 4. d4 Nf6 5. O-O O-O 6. c3 Nbd7 7. Na3 c6 8. Nc2
Re8 9. Bf4 Ne4 10. a4 a5 11. Na3 b6 12. c4 e6 13. Rc1 Bb7 14. Nd2 f5 15. Nxe4
dxe4 16. Bd6 Rc8 17. e3 c5 18. Nb5 e5 19. dxc5 bxc5 20. Qd2 Qb6 21. Rfd1 Bc6 22.
Rc3 Nf6 23. Rb3 Red8 24. Qc2 Ne8 25. Be7 Rd7 26. Rxd7 Bxd7 27. Nd6 Qc7 28. Qd2
Nxd6 29. Bxd6 Qc6 30. Rb5 Bf8 31. Bxf8 Kxf8 32. Rxa5 Qc7 33. b4 cxb4 34. Qxb4+
Kf7 35. Bf1 Rb8 36. Qc3 Rb1 37. h3 f4 38. g4 Bxg4 39. hxg4 Qd7 40. exf4 Qxg4+
41. Qg3 Qe2 42. Ra7+ Kg8 1-0

[Event "Baku Open 2023"]
[Site "Baku AZE"]
[Date "2023.05.04"]
[Round "1.31"]
[White "Ince, Taylan Ruzgar"]
[Black "Sivuk, Vitaly"]
[Result "0-1"]
[WhiteTitle "CM"]
[BlackTitle "GM"]
[WhiteElo "2264"]
[BlackElo "2533"]
[WhiteFideId "44513089"]
[BlackFideId "14116502"]
[EventDate "2023.05.04"]

1. d4 Nf6 2. c4 g6 3. Nf3 Bg7 4. g3 O-O 5. Bg2 d6 6. O-O Re8 7. Nc3 Bd7 8. e4 e5
9. h3 exd4 10. Nxd4 Nc6 11. Be3 Nxd4 12. Bxd4 c5 13. Be3 Qc8 14. g4 Bc6 15. Qd3
Qe6 16. Nd5 Bxd5 17. exd5 Qe7 18. Rae1 Nd7 19. Bd2 Qh4 20. Bc3 a6 21. a4 Be5 22.
Bxe5 Nxe5 23. Qc3 Nd7 24. f4 Qf6 25. Qxf6 Nxf6 26. a5 Kf8 27. Bf3 h6 28. Bd1
Rxe1 29. Rxe1 g5 30. fxg5 hxg5 31. Ba4 Rb8 32. Kf2 b5 33. axb6 Rxb6 34. b3 Rb7
35. Kf3 Re7 36. Rxe7 Kxe7 37. Bc6 a5 38. Bb5 Kf8 39. Bc6 Kg7 40. Bb5 Ng8 41. Ke4
Ne7 42. Bd7 Kg6 43. Be8 Kf6 44. Bd7 Ng6 45. Be8 Nh4 46. Bd7 Ng2 47. Bf5 Nf4 0-1

[Event "Baku Open 2023"]
[Site "Baku AZE"]
[Date "2023.05.04"]
[Round "1.32"]
[White "Ahmadzada, Ahmad"]
[Black "Hulka, Valentyn"]
[Result "1-0"]
[WhiteTitle "IM"]
[BlackTitle "CM"]
[WhiteElo "2488"]
[BlackElo "2258"]
[WhiteFideId "13413007"]
[BlackFideId "34107061"]
[EventDate "2023.05.04"]

1. e4 c5 2. Nf3 Nc6 3. Bb5 Nf6 4. Bxc6 dxc6 5. d3 Qc7 6. O-O e5 7. b3 Be7 8. Bb2
Nd7 9. Nbd2 f6 10. Nh4 g6 11. g3 Nf8 12. f4 Bh3 13. fxe5 fxe5 14. Rf2 Bxh4 15.
gxh4 Nd7 16. Qf3 Be6 17. Qg3 O-O-O 18. Nf3 Rhf8 19. Raf1 Rde8 20. Nxe5 Rxf2 21.
Rxf2 Nxe5 22. Bxe5 Qd7 23. Rf6 b6 24. Kf2 Re7 25. Ke3 Rf7 26. Rxf7 Qxf7 27. Qg5
Qf1 28. Kd2 Qf2+ 29. Kc3 Kd7 30. Bb8 Qd4+ 31. Kd2 a5 32. Qf4 Ke8 33. Bd6 Kd7 34.
Be5 Qg1 35. Qf8 Bg4 36. Qd6+ Ke8 37. Bf6 Qxh2+ 38. Qxh2 1-0

[Event "Baku Open 2023"]
[Site "Baku AZE"]
[Date "2023.05.04"]
[Round "1.33"]
[White "Dixit, Nikhil"]
[Black "Manish Anto, Cristiano F"]
[Result "1-0"]
[WhiteTitle "FM"]
[BlackTitle "IM"]
[WhiteElo "2257"]
[BlackElo "2485"]
[WhiteFideId "5059534"]
[BlackFideId "25095927"]
[EventDate "2023.05.04"]

1. e4 c5 2. Nf3 d6 3. Bb5+ Nd7 4. d4 cxd4 5. Qxd4 a6 6. Bxd7+ Bxd7 7. Nc3 e5 8.
Qd3 Rc8 9. O-O h6 10. a4 Nf6 11. Rd1 Qc7 12. Nd2 Bg4 13. Re1 Be7 14. Nf1 O-O 15.
Ne3 Be6 16. a5 Rfe8 17. Bd2 Qc5 18. Ra4 Red8 19. Ncd5 Nxd5 20. exd5 Bd7 21. Rc4
Qa7 22. Rxc8 Rxc8 23. c3 Bf8 24. b4 g6 25. h3 Kh7 26. g4 Qb8 27. h4 Re8 28. Qe4
Kh8 29. g5 h5 30. c4 Qd8 31. Rc1 f5 32. gxf6 Qxf6 33. c5 Bh6 34. c6 Bc8 35. cxb7
Bxb7 36. Rc7 Rf8 37. Qg2 Rf7 38. Ng4 hxg4 39. Rxf7 Qxf7 40. Bxh6 Qf5 41. Kh2
Bxd5 42. Qxd5 Qxf2+ 43. Qg2 Qxh4+ 44. Kg1 Qxh6 45. Qh2 Qxh2+ 46. Kxh2 e4 47. b5
e3 48. Kg3 axb5 49. a6 e2 50. Kf2 b4 51. a7 1-0

[Event "Baku Open 2023"]
[Site "Baku AZE"]
[Date "2023.05.04"]
[Round "1.34"]
[White "Makhnev, Denis"]
[Black "Suyarov, Mukhammadzokhid"]
[Result "1/2-1/2"]
[WhiteTitle "GM"]
[BlackTitle "FM"]
[WhiteElo "2483"]
[BlackElo "2281"]
[WhiteFideId "13707647"]
[BlackFideId "14210495"]
[EventDate "2023.05.04"]

1. d4 e6 2. c4 b6 3. e4 Bb4+ 4. Nc3 Bb7 5. f3 Ne7 6. Bd3 e5 7. Ne2 exd4 8. Nxd4
Nbc6 9. Ne2 Bc5 10. Na4 d6 11. a3 a5 12. Bc2 Ng6 13. Nxc5 dxc5 14. O-O O-O 15.
Ba4 Nge5 16. Bxc6 Bxc6 17. Qc2 Qd3 18. Qxd3 Nxd3 19. Rd1 Rfd8 20. Nf4 Ne5 21.
Nd5 Ba4 22. Bf4 Nxc4 23. Rdc1 c6 24. Rxc4 cxd5 25. Rxa4 b5 26. Rxa5 Rxa5 27. Bc7
Raa8 28. Bxd8 Rxd8 29. exd5 1/2-1/2

[Event "Baku Open 2023"]
[Site "Baku AZE"]
[Date "2023.05.04"]
[Round "1.35"]
[White "Chkhaidze, Nikoloz"]
[Black "Raja, Rithvik R"]
[Result "1/2-1/2"]
[WhiteTitle "FM"]
[BlackTitle "GM"]
[WhiteElo "2253"]
[BlackElo "2472"]
[WhiteFideId "13601750"]
[BlackFideId "35007394"]
[EventDate "2023.05.04"]

1. e4 c5 2. Nc3 d6 3. d4 cxd4 4. Qxd4 Nc6 5. Qd2 g6 6. b3 Bh6 7. f4 e5 8. Nb5
Bxf4 9. Qxd6 Qxd6 10. Nxd6+ Kf8 11. Bxf4 exf4 12. Bc4 Ne5 13. Bd5 Nf6 14. Nf3
Nxf3+ 15. gxf3 Nxd5 16. exd5 Ke7 17. Nxc8+ Raxc8 18. Kd2 b5 19. Rhe1+ Kd6 20. a4
b4 21. Re4 a5 22. Rxf4 f5 23. Re1 Kxd5 24. Re3 Rc5 25. c4+ bxc3+ 26. Rxc3 Rxc3
27. Kxc3 Rc8+ 28. Kd3 Rc1 29. b4 axb4 30. Rxb4 Ra1 31. Ke3 Kc5 32. Rb7 Rxa4 33.
Rxh7 Kd5 34. Rg7 f4+ 35. Kf2 Ra2+ 36. Kg1 Kd4 37. Re7 g5 38. h4 gxh4 39. Re4+
Kd3 40. Rxf4 Ke3 41. Rxh4 Kxf3 42. Rh3+ 1/2-1/2

[Event "Baku Open 2023"]
[Site "Baku AZE"]
[Date "2023.05.04"]
[Round "1.37"]
[White "Valiyev, Shahin"]
[Black "Babazada, Khazar"]
[Result "1-0"]
[BlackTitle "IM"]
[WhiteElo "2252"]
[BlackElo "2474"]
[WhiteFideId "13424203"]
[BlackFideId "13413554"]
[EventDate "2023.05.04"]

1. e4 e5 2. Nf3 Nc6 3. Bb5 a6 4. Ba4 d6 5. O-O Bd7 6. c3 g6 7. d4 Bg7 8. h3 Nge7
9. Bg5 h6 10. Be3 O-O 11. dxe5 dxe5 12. Qd2 Kh7 13. Bc5 b5 14. Bb3 Qe8 15. Rd1
Rd8 16. Qe3 f5 17. exf5 gxf5 18. Na3 e4 19. Nd4 Ne5 20. f4 Nf7 21. Ne2 a5 22.
Rd2 Nd6 23. Rad1 a4 24. Bc2 Be6 25. b3 axb3 26. Bxb3 Bxb3 27. axb3 Rf6 28. Kh2
Rg6 29. Ng3 Ra8 30. c4 b4 31. Bxb4 Qc6 32. Nb5 Rd8 33. Qc5 e3 34. Qxe3 Nec8 35.
Bxd6 cxd6 36. Nxf5 Rg8 37. Nh4 1-0

[Event "Baku Open 2023"]
[Site "Baku AZE"]
[Date "2023.05.04"]
[Round "1.38"]
[White "Nogerbek, Kazybek"]
[Black "Guliev, Logman"]
[Result "1-0"]
[WhiteTitle "IM"]
[BlackTitle "IM"]
[WhiteElo "2474"]
[BlackElo "2261"]
[WhiteFideId "13710427"]
[BlackFideId "13400061"]
[EventDate "2023.05.04"]

1. d4 Nf6 2. Nf3 e6 3. Bf4 b6 4. Nbd2 Bb7 5. e3 Be7 6. Bd3 Nh5 7. Bg3 d6 8. Qe2
Nd7 9. Ba6 Qc8 10. Bxb7 Qxb7 11. e4 c5 12. c3 cxd4 13. cxd4 Rc8 14. O-O Nxg3 15.
hxg3 O-O 16. g4 Rc2 17. Rab1 Rfc8 18. Qd3 b5 19. g5 Qb6 20. g3 Qa5 21. a3 b4 22.
Nb3 Qa4 23. axb4 R2c7 24. d5 exd5 25. exd5 Qxb4 26. Rbe1 Nc5 27. Nxc5 Qxc5 28.
Kg2 Bf8 29. Rh1 g6 30. Nd2 Qc2 31. Ne4 Bg7 32. Qf3 Qxb2 33. Nxd6 Rf8 34. Ne8 Rc8
35. Nf6+ Bxf6 36. gxf6 Rfd8 37. Qf4 Rc2 38. d6 Rd2 39. Rxh7 Rxf2+ 40. Qxf2 Qxf2+
41. Kxf2 Kxh7 42. Rh1+ Kg8 43. Rd1 Kh7 44. Ke3 g5 45. d7 Kg6 46. Rd6 Kf5 47. Kd4
a5 48. Kd5 a4 49. Kc6 a3 50. Kc7 a2 51. Ra6 1-0

[Event "Baku Open 2023"]
[Site "Baku AZE"]
[Date "2023.05.04"]
[Round "1.41"]
[White "Mamedjarova, Turkan"]
[Black "Chanda, Sandipan"]
[Result "0-1"]
[WhiteTitle "WGM"]
[BlackTitle "GM"]
[WhiteElo "2222"]
[BlackElo "2460"]
[WhiteFideId "13402005"]
[BlackFideId "5004225"]
[EventDate "2023.05.04"]

1. d4 f5 2. c4 Nf6 3. Nc3 e6 4. g3 Bb4 5. Bg2 Bxc3+ 6. bxc3 O-O 7. Nf3 d6 8. O-O
Nc6 9. d5 Na5 10. Qa4 b6 11. dxe6 Bxe6 12. Nd4 Qe8 13. Qc2 Ne4 14. Bxe4 fxe4 15.
Qxe4 Bxc4 16. Qg4 h5 17. Qg5 c5 18. Nf5 Qe5 19. Ne7+ Kf7 20. Qxe5 dxe5 21. Nf5
Bxe2 22. Re1 Bd3 23. Nh4 Nc4 24. Bg5 e4 25. f3 Na3 26. Rac1 Rae8 27. fxe4 Rxe4
28. Nf3 Rfe8 29. Rxe4 Bxe4 30. Nd2 Bd3 31. Bf4 Kf6 32. Nf3 Re2 33. Rd1 c4 34.
Bb8 Nb5 35. a4 Nxc3 36. Ra1 a6 37. Ba7 Nd5 38. a5 b5 39. Bd4+ 0-1

[Event "Baku Open 2023"]
[Site "Baku AZE"]
[Date "2023.05.04"]
[Round "1.43"]
[White "Abdulla, Khayala"]
[Black "Jubin, Jimmy"]
[Result "0-1"]
[WhiteTitle "WGM"]
[BlackTitle "IM"]
[WhiteElo "2213"]
[BlackElo "2455"]
[WhiteFideId "13401807"]
[BlackFideId "46686614"]
[EventDate "2023.05.04"]

1. e4 c6 2. d4 d5 3. e5 Bf5 4. Nc3 h5 5. Be2 e6 6. Bxh5 c5 7. Be3 Nc6 8. Be2
cxd4 9. Bxd4 Nge7 10. Nf3 Be4 11. Nb5 Nf5 12. Bc3 Bc5 13. Qd2 Qb6 14. O-O-O Bxf2
15. Kb1 Be3 16. Qe1 Bxf3 17. gxf3 O-O-O 18. a4 Bf2 19. Qd2 a6 20. a5 Qe3 21. Na3
Qxd2 22. Bxd2 Be3 23. Bc3 Bd4 24. Bxd4 Nfxd4 25. Rd2 Rh3 26. f4 Rh4 27. Bd3 Rxf4
28. Rg2 g6 29. c3 Nf3 30. Rf1 Ncxe5 31. Rgf2 Rh8 32. Nc2 g5 33. Ka2 Nxd3 34.
Rxf3 Rxh2 0-1

[Event "Baku Open 2023"]
[Site "Baku AZE"]
[Date "2023.05.04"]
[Round "1.44"]
[White "Prraneeth, Vuppala"]
[Black "Chitlange, Sakshi"]
[Result "1-0"]
[WhiteTitle "IM"]
[BlackTitle "WIM"]
[WhiteElo "2437"]
[BlackElo "2241"]
[WhiteFideId "46622373"]
[BlackFideId "35002899"]
[EventDate "2023.05.04"]

1. e4 c6 2. d4 d5 3. e5 Bf5 4. Nf3 e6 5. Be2 Ne7 6. c3 Ng6 7. O-O f6 8. exf6
Qxf6 9. Qb3 b6 10. c4 Bd6 11. Bg5 Qf7 12. cxd5 exd5 13. Qe3+ Be6 14. Nh4 O-O 15.
Bh5 c5 16. Re1 Bd7 17. Qf3 cxd4 18. Qxf7+ Kxf7 19. Nxg6 hxg6 20. Bf3 Be6 21. Na3
Bxa3 22. bxa3 Nc6 23. Rad1 Rfe8 24. Re2 Kf8 25. Bf4 Bf7 26. Rc2 Ne5 27. Bxe5
Rxe5 28. h3 Rd8 29. Rxd4 Re7 30. a4 Rd6 31. a5 bxa5 32. Rc8+ Re8 33. Rc5 Ra6 34.
Bxd5 Bxd5 35. Rdxd5 a4 36. a3 Ree6 37. Rc7 Re7 38. Rdd7 Rxd7 39. Rxd7 Ra5 40. h4
Kg8 41. f3 Kh7 42. Kf2 Kg8 43. g4 Kf8 44. Kg3 Ra6 45. g5 Ra5 46. Kg4 Kg8 47. h5
gxh5+ 48. Kxh5 Kh7 49. f4 Kg8 50. Rc7 Kh7 51. Kg4 Kg8 52. g6 Kf8 53. f5 Ra6 54.
Kg5 Rd6 55. Rf7+ Kg8 56. Rxa7 Kf8 57. Ra8+ Ke7 58. Rg8 Rd3 59. Rxg7+ Kf8 60. Ra7 1-0

[Event "Baku Open 2023"]
[Site "Baku AZE"]
[Date "2023.05.04"]
[Round "1.45"]
[White "Mahalakshmi, M"]
[Black "Nigmatov, Ortik"]
[Result "1/2-1/2"]
[WhiteTitle "WIM"]
[BlackTitle "IM"]
[WhiteElo "2210"]
[BlackElo "2473"]
[WhiteFideId "5001080"]
[BlackFideId "14202131"]
[EventDate "2023.05.04"]

1. d4 Nf6 2. c4 e6 3. Nc3 Bb4 4. e3 O-O 5. Ne2 Re8 6. a3 Bf8 7. d5 a5 8. g3 Na6
9. Bg2 Nc5 10. b3 d6 11. O-O exd5 12. cxd5 Bf5 13. Bb2 Nd3 14. Qd2 Nxb2 15. Qxb2
Qd7 16. Rfd1 h5 17. Rac1 h4 18. a4 Rac8 19. b4 h3 20. Bh1 axb4 21. Qxb4 c5 22.
Qc4 g5 23. e4 Bg6 24. f4 gxf4 25. Nxf4 Bh6 26. Bf3 Kh7 27. Re1 Bxf4 28. gxf4 Bh5
29. e5 Rg8+ 30. Kf1 dxe5 31. Rxe5 Bxf3 32. Qd3+ Rg6 33. Qxf3 Rcg8 34. Ne2 Qxa4
35. Qxh3+ Rh6 36. Qf5+ Kh8 37. Re7 Qb3 38. Qe5 Qh3+ 39. Ke1 Qxh2 40. Rxc5 Qh4+
41. Kd2 Rh5 42. Qd4 b6 43. Rb5 Rd8 44. Re5 Rxe5 45. Qxe5 Kg8 46. Nc3 Kf8 47. Kc2
Nd7 48. Qg5 Qh2+ 49. Kb3 Re8 50. d6 Qh3 51. Qh5 Re3 52. Qxh3 Rxh3 53. Kc4 Rh4
54. Nd5 Rh6 1/2-1/2

[Event "Baku Open 2023"]
[Site "Baku AZE"]
[Date "2023.05.04"]
[Round "1.46"]
[White "Petriashvili, Nikoloz"]
[Black "Srija, Seshadri"]
[Result "1/2-1/2"]
[WhiteTitle "IM"]
[BlackTitle "WGM"]
[WhiteElo "2432"]
[BlackElo "2199"]
[WhiteFideId "13611216"]
[BlackFideId "5055903"]
[EventDate "2023.05.04"]

1. Nf3 d5 2. g3 Nd7 3. d4 b5 4. Bg2 Ngf6 5. O-O e6 6. a4 b4 7. c4 bxc3 8. Nxc3
Rb8 9. Ne5 Nxe5 10. dxe5 Nd7 11. e4 Ba6 12. exd5 Bxf1 13. Qxf1 Bc5 14. dxe6 fxe6
15. Ne4 O-O 16. Nxc5 Nxc5 17. Be3 Nd7 18. Qc4 Nxe5 19. Qxe6+ Nf7 20. Bxa7 Rxb2
21. Re1 Kh8 22. h4 Nd6 23. Bd4 Rb4 24. Qg4 Qf6 25. Re4 Rb1+ 26. Kh2 Nxe4 27.
Bxf6 Nxf6 28. Qd4 c5 29. Qxc5 Ng4+ 30. Kh3 Nxf2+ 31. Kh2 Ng4+ 32. Kh3 Nf2+ 1/2-1/2

[Event "Baku Open 2023"]
[Site "Baku AZE"]
[Date "2023.05.05"]
[Round "2.1"]
[White "Niemann, Hans Moke"]
[Black "Ahmadzada, Ahmad"]
[Result "1-0"]
[WhiteTitle "GM"]
[BlackTitle "IM"]
[WhiteElo "2706"]
[BlackElo "2488"]
[WhiteFideId "2093596"]
[BlackFideId "13413007"]
[EventDate "2023.05.04"]

1. d4 d5 2. c4 c6 3. Nf3 Nf6 4. g3 Bf5 5. Nc3 e6 6. Nh4 dxc4 7. Nxf5 exf5 8. Bg2
Be7 9. O-O O-O 10. Be3 Ng4 11. Bf4 Bd6 12. Bc1 Nf6 13. b3 Bb4 14. Bb2 Bxc3 15.
Bxc3 Nd5 16. Be1 c3 17. Qd3 Qe7 18. e3 g6 19. Bxc3 Nxc3 20. Qxc3 Na6 21. a3 Nc7
22. b4 Rfd8 23. Rfc1 a6 24. Qc5 Rd7 25. a4 Re8 26. Rab1 Kg7 27. Qa7 Nd5 28. Qc5
Nc7 29. Qa5 Rb8 30. Qb6 Na8 31. Qc5 Nc7 32. Qa7 Qd8 33. Qb6 Qe8 34. Rb2 Nd5 35.
Qc5 Nc7 36. h3 h5 37. h4 Qe7 38. Bf1 Re8 39. Bg2 Kg8 40. Qa5 Kg7 41. Qb6 Nd5 42.
Qc5 Nc7 43. Rcb1 Kg8 44. Bf3 Kg7 45. Kg2 Kg8 46. Qxe7 Rexe7 47. Be2 Kf8 48. b5
axb5 49. axb5 Nxb5 50. Bxb5 cxb5 51. Rxb5 Rc7 52. Kf3 Red7 53. R1b2 Ke7 54. Kf4
Kf8 55. R5b4 Re7 56. Ra4 Re4+ 57. Kf3 Ree7 58. Ra8+ Kg7 59. Rb8 Red7 60. Rb6 Rc3
61. Ke2 Rc2+ 62. Kf3 Rc3 63. Rb4 Rcc7 64. Rb2 Kf6 65. Ke2 Kg7 66. Kd3 Kf6 67.
Rb5 Kg7 68. Rb6 Kh7 69. Rb1 Kg7 70. Ra8 Rc6 71. Ra7 Rcc7 72. Ra5 Kf6 73. Rb6+
Kg7 74. Rab5 Kf8 75. Rb1 Kg7 76. f3 Kf8 77. e4 fxe4+ 78. fxe4 Ke7 79. d5 Kd8 80.
Kd4 Kc8 81. d6 Rc2 82. e5 Kb8 83. R6b2 1-0